Central Library OPAC University of Rajshahi

Practical HTML 4 / (Record no. 54106)

MARC details
000 -LEADER
fixed length control field 00800nam a2200277 a 4500
001 - CONTROL NUMBER
control field 54106
003 - CONTROL NUMBER IDENTIFIER
rucl marc code BD-RjUL
005 - DATE AND TIME OF LATEST TRANSACTION
control field 20211209080055.0
008 - FIXED-LENGTH DATA ELEMENTS--GENERAL INFORMATION
fixed length control field 161101s2002 ii a 001 0 eng
020 ## - INTERNATIONAL STANDARD BOOK NUMBER
International Standard Book Number 812031638X
035 ## - SYSTEM CONTROL NUMBER
System control number (BD-RjUL)54228
040 ## - CATALOGING SOURCE
Original cataloging agency DLC
Transcribing agency DLC
Modifying agency BD-RjUL
Language of cataloging eng
041 ## - LANGUAGE CODE
Language code of text/sound track or separate title eng
082 00 - DEWEY DECIMAL CLASSIFICATION NUMBER
Classification number 006.74
Edition number 23
Author mark and year PHP 2002
100 1# - MAIN ENTRY--PERSONAL NAME
Personal name Phillips, Lee Anne.
9 (RLIN) 161537
245 10 - TITLE STATEMENT
Title Practical HTML 4 /
Statement of responsibility, etc. Lee Anne Phillips.
250 ## - EDITION STATEMENT
Edition statement Estern Economy ed.
260 ## - PUBLICATION, DISTRIBUTION, ETC. (IMPRINT)
Place of publication, distribution, etc. New Delhi :
Name of publisher, distributor, etc. Prentice-Hall,
Date of publication, distribution, etc. c1999 [ Printing 2002]
300 ## - PHYSICAL DESCRIPTION
Pagination xiii, 700 p. :
Illustrations ill. ;
Size 23 cm.
490 ## - SERIES STATEMENT
Series statement Using HTML 4.
500 ## - GENERAL NOTE
General note Includes Index
650 #0 - SUBJECT ADDED ENTRY--TOPICAL TERM
Topical term or geographic name as entry element Hypertext systems.
9 (RLIN) 161538
Topical term or geographic name as entry element HTML (Document markup language)
9 (RLIN) 119591
830 ## - SERIES ADDED ENTRY--UNIFORM TITLE
Uniform title Using HTML 4.
942 ## - ADDED ENTRY ELEMENTS (KOHA)
Source of classification or shelving scheme Dewey Decimal Classification
Koha item type Books
Holdings
Lost status Source of classification or shelving scheme Damaged status Not for loan Collection code Permanent Location Current Location Shelving location Date acquired Source of acquisition Cost, normal purchase price Total Checkouts Full call number Date last seen Copy number Koha item type
  Dewey Decimal Classification     Non-fiction Central Library, University of Rajshahi Central Library, University of Rajshahi   18/12/2005 Dhaka,Paragon Enterprise Lit., 250.00   006.74 PHP 2002 01/11/2016 C-2 Books
  Dewey Decimal Classification   Not For Loan Non-fiction Central Library, University of Rajshahi Central Library, University of Rajshahi Reading Room 18/12/2005 Dhaka, Paragon Enterprises ltd. 250.00   006.74 PHP 2002 08/04/2017 C-1 Books